|
|
|
|
| LEADER |
00000nab a2200000 a 4500 |
| 001 |
vtls001000593 |
| 003 |
SK-MaSNL |
| 005 |
20260304011047.0 |
| 008 |
040720e19940716xo 0 slo |
| 035 |
|
|
|a RV1193
|
| 040 |
|
|
|a RVGKPD
|b slo
|c RVGKPD
|e AACR2
|
| 041 |
0 |
|
|a slo
|
| 044 |
|
|
|a xo
|c SK
|
| 080 |
|
|
|a 343.611
|2 1981
|
| 100 |
0 |
|
|a (jk)
|4 aut
|9 845332
|
| 245 |
1 |
0 |
|a Nemohol sa dočkať dedičstva, vraždil
|b Do izby s mŕtvou sa vrátil po vodovodnú batériu
|
| 650 |
0 |
7 |
|a trestné činy
|2 RVGKPD
|9 2181
|
| 650 |
0 |
7 |
|a vraždy
|2 RVGKPD
|9 2234
|
| 651 |
|
7 |
|a Rožňava (Slovensko)
|2 RVGKPD
|9 17394
|
| 773 |
0 |
8 |
|t Nový čas
|g Roč. 4, č.164, 16.7.1994, s. 8-9
|
| 773 |
0 |
8 |
|i Príl.:
|t Nedeľná príloha
|
| 852 |
|
|
|a ZVYKNI
|b KIS3GCP
|
| 999 |
|
|
|c 2564368
|d 2566298
|